000
00225nam a22001097a 4500
003
OSt
008
250106b |||||||| |||| 00| 0 eng d
041
_a
eng
100
_a
Narayanan, RK
_9
6785
245
_a
The Guide
942
_c
BK
999
_c
18940
_d
18940